| 000 | 00522cam a22001217a 4500 | ||
|---|---|---|---|
| 008 | 180718b1971 xxu||||| |||| 00| 0 eng d | ||
| 082 | _aI2701x54 In2/1971 | ||
| 245 |
_aGovernment of India (Allocations of business) rules, 1961: as amended upto June 17, 1971 _cby Cabinet Secretariat, Department of Cabinet Affairs |
||
| 260 |
_aNew Delhi _bCabinet Secretariat, Department of Cabinet Affairs _c1971 |
||
| 300 | _a88+p | ||
| 500 | _abound with I2701x54 In2 | ||
| 700 | _aIndia. Department of Cabinet Affairs. Cabinet Secretariat | ||
| 999 |
_c491115 _d491115 |
||